| 000 | 00554nam a22001817a 4500 | ||
|---|---|---|---|
| 005 | 20240408152905.0 | ||
| 010 | _aENG-140067 | ||
| 020 |
_a9788194674078 _c1000.00 |
||
| 035 | _aEN-123599 | ||
| 037 | _bDBAD/PUB | ||
| 082 | _aN | ||
| 100 |
_aDaniels, Michael Chacko _964403 |
||
| 245 |
_aWe once were gazelles : _cby Michael Chacko Daniels _ba tale from when the pigfielders were chinkara / |
||
| 260 |
_aKolkata _bWriters Workshop _c2020 |
||
| 270 |
_aC-532,Lake Garden _bKolkata _e700045 |
||
| 300 |
_a464p. _c22(Hb) |
||
| 942 |
_cEN _hN _2ddc _mDAN |
||
| 999 |
_c201977 _d201977 |
||